| 000 | 01168nam a22003497a 4500 | ||
|---|---|---|---|
| 001 | 000028659 | ||
| 003 | CHAP | ||
| 005 | 20220329134905.0 | ||
| 008 | 971013s1966 r 00010 d | ||
| 010 | _a27611 | ||
| 011 | _a28583 | ||
| 035 | _a32688 | ||
| 040 | _cCHAP | ||
| 090 | _aFolleto 2380 | ||
| 100 | 0 | 0 |
_aConklin, Frank S. _927187 |
| 245 | 1 | 0 | _aUso óptimo de los recursos en el distrito de riego de (por especificar) Plan Lerma, México. |
| 260 |
_aChapingo, Méx. : _bENA. Colegio de Postgraduados. Centro de Economía Agrícola, _c1966. |
||
| 300 | _a14 h. | ||
| 590 |
_aBATCH-UPD _b10 _c20130110 _lUCH01 _h0941 |
||
| 590 |
_aBATCH-UPD _b10 _c20130410 _lUCH01 _h0557 |
||
| 590 |
_aBATCH-UPD _b10 _c20130914 _lUCH01 _h0335 |
||
| 590 |
_aCONVERSION _b10 _c20130109 _lUCH01 _h1316 |
||
| 590 |
_aE5995AHE _b05 _c20150203 _lUCH01 _h1104 |
||
| 650 | 1 | 4 |
_aAgricultura _xAspectos económicos _xVeracruz. _91304 |
| 650 | 1 | 4 |
_aDistritos de riego. _932966 |
| 650 | 1 | 4 |
_aPlan Lerma. _988666 |
| 901 | _aBK | ||
| 942 | _cFOLL | ||
| 942 | _n0 | ||
| 949 |
_aFolleto 2380 _bBC _cFOLL _d-76093 _eTS1 _i32688 _mD _si |
||
| 949 |
_aFolleto 2380 _bBC _cUACH _d-76092 _eUACH _i32688 _mD _si |
||
| 999 |
_c27611 _d27611 |
||